Search the Library Catalogue
| 000 -LEADER | |
|---|---|
| fixed length control field | 00863nam a2200253Ia 4500 |
| 008 - FIXED-LENGTH DATA ELEMENTS--GENERAL INFORMATION | |
| fixed length control field | 191130s2001##################000#0#eng## |
| 020 ## - INTERNATIONAL STANDARD BOOK NUMBER | |
| ISBN | 9780815340638 |
| 082 ## - DEWEY DECIMAL CLASSIFICATION NUMBER | |
| Classification number | 345.7304 FIN |
| 245 ## - TITLE STATEMENT | |
| Title | The role of mental illness in criminal trials |
| Statement of responsibility, etc | edited with introductions by Jane Campbell Moriarty |
| 260 ## - PUBLICATION, DISTRIBUTION, ETC. (IMPRINT) | |
| Place of publication | New York ; London |
| Name of publisher | Routledge |
| Year of publication | 2001 |
| 300 ## - PHYSICAL DESCRIPTION | |
| Number of Pages | 3 v. ; 24 cm. ; |
| 500 ## - GENERAL NOTE | |
| General note | Includes bibliographical references |
| 650 ## - SUBJECT ADDED ENTRY--TOPICAL TERM | |
| Topical Term | Competency to stand trial - United States |
| Topical Term | Criminal liability - United States |
| Topical Term | Forensic psychiatry - United States |
| Topical Term | Insanity (Law) - United States |
| Topical Term | Insanity defense - United States |
| 700 ## - ADDED ENTRY--PERSONAL NAME | |
| Personal name | Moriarty, Jane Campbell |
| 991 ## - | |
| -- | 311246 |
| Withdrawn status | Lost status | Damaged status | Not for loan | Home library | Current library | Shelving location | Date acquired | Full call number | Accession Number | Price effective from | Koha item type |
|---|---|---|---|---|---|---|---|---|---|---|---|
| Anna Centenary Library | Anna Centenary Library | 4TH FLOOR, A WING | 15.10.2020 | 345.7304 FIN | 121083 | 15.10.2020 | English Books |